French Actors - Sudden Death - Statistics

General Stats
  • This quiz has been taken 289 times
    285 since last reset
  • The average score is 20 of 50
Answers on the Grid
Answers color-coded by a green-red scale on the quiz's grid according to % correct below.
Alain Delon
Catherine Deneuve
Diane Kruger
Marion Cotillard
Sophia Loren
Gérard Philipe
Mario Casas
Penélope Cruz
Alice Braga
Michel Bouquet
Monica Bellucci
Wagner Moura
Michèle Morgan
Josiane Balasko
Claudia Cardinale
Gérard Depardieu
Marlene Dietrich
Isabella Rossellini
Jean-Pierre Aumont
Asia Argento
Javier Bardem
Sabrina Ferilli
Jacques François
Jeanne Moreau
Gina Lollobrigida
Yves Montand
Franka Potente
Antonio Banderas
Jean-Paul Belmondo
Mélanie Laurent
Nastassja Kinski
Rodrigo Santoro
Juliette Binoche
Michel Galabru
Julie Dreyfus
Vincent Cassel
Carice van Houten
Mathieu Amalric
Brigitte Bardot
Omar Sy
Nina Hoss
Ornella Muti
Jean Reno
Sophie Marceau
Emmanuelle Béart
Rutger Hauer
Gian Maria Volonté
Jean Marais
Léa Seydoux
Zsa Zsa Gabor
Francesca Neri
Louis de Funès
Carmen Maura
Alicia Vikander
Joanna Kulig
Christopher Lambert
Vittorio Gassman
Vincent Lindon
Alberto Sordi
Isabelle Adjani
Jean Gabin
Bourvil
Anna Magnani
Jean-Pierre Léaud
Ingrid Bergman
Matthias Schoenaerts
Jean Dujardin
Marcello Mastroianni
Jürgen Vogel
Jean-Pierre Marielle
Bruno Cremer
Mads Mikkelsen
Michel Piccoli
Ursula Andress
Isabelle Huppert
Bruno Ganz
Fernandel
Caterina Murino
Roberto Benigni
Jean Rochefort
Louis Jourdan
Terence Hill
Daniel Auteuil
Michel Blanc
Jean-Louis Trintignant
Til Schweiger
Daniel Brühl
Audrey Hepburn
Famke Janssen
Philippe Noiret
Totò
Pierre Niney
Eva Green
Fabrice Luchini
Audrey Tautou
Giancarlo Giannini
Anna Galiena
Christoph Waltz
Pierre Richard
 
Answer Stats
Answer % Correct
Marion Cotillard
64%
Catherine Deneuve
63%
Alain Delon
59%
Gérard Depardieu
59%
Brigitte Bardot
54%
Jean Dujardin
52%
Jean Reno
51%
Juliette Binoche
51%
Léa Seydoux
51%
Jean-Louis Trintignant
49%
Jean-Paul Belmondo
49%
Yves Montand
48%
Sophie Marceau
47%
Audrey Tautou
46%
Jeanne Moreau
46%
Mélanie Laurent
46%
Gérard Philipe
45%
Jean-Pierre Aumont
45%
Jean-Pierre Léaud
45%
Emmanuelle Béart
44%
Jean Gabin
44%
Louis de Funès
44%
Vincent Cassel
44%
Philippe Noiret
42%
Michel Bouquet
41%
Daniel Auteuil
39%
Jacques François
39%
Jean-Pierre Marielle
39%
Jean Rochefort
39%
Michel Blanc
39%
Isabelle Huppert
38%
Pierre Richard
38%
Jean Marais
36%
Christopher Lambert
33%
Mathieu Amalric
33%
Isabelle Adjani
32%
Omar Sy
32%
Pierre Niney
32%
Louis Jourdan
29%
Bourvil
27%
Michel Galabru
27%
Michèle Morgan
26%
Eva Green
25%
Vincent Lindon
23%
Josiane Balasko
22%
Julie Dreyfus
22%
Michel Piccoli
22%
Fernandel
20%
Fabrice Luchini
18%
Bruno Cremer
14%
No matching quizzes found
Score Distribution
Percent of People with Each Score
Percentile by Number Answered
Your Score History
You have not taken this quiz since the last reset